000 00755nam a2200229Ii 4500
003 JO-AjNU
008 230605s9999||||xx |||||||||||||| ||und||
017 _a2004/19367
020 _a977-327-252-1
040 _aJO-AjNU
_bara
_erda
_cJO-AjNU
041 _aara
050 1 4 _aPJ6121.F3738 2005
100 3 _aالفرنواني،هاني,
_eauthor
_924279
245 0 0 _aظاهرة الاجتزاء في العربية
250 _aط1
264 3 1 _aالاسكندرية: دار الوفاء لدنيا الطباعة والنشر، 2005
300 _a191ص
336 _atext
_btxt
_2rdacontent
337 _aunmediated
_bn
_2rdamedia
338 _avolume
_bnc
_2rdacarrier
650 4 _aاللغة العربية-علم الاصوات-نطق
_924280
999 _aA8915
_c12483
_d12483